Paroles - La vie d'artiste - La Zarra - Statistiques

Statistiques générales
  • Ce quiz a été pris 75 fois
  • Le résultat moyen est 213 sur 306
Statistiques - réponses
Hint Réponse % Correct
d'artiste
100%
de
100%
vie
100%
ce
98%
Je
98%
la
98%
98%
La
98%
me
98%
à
95%
le
95%
ma
95%
pas
95%
Refrain Cette
90%
les
90%
putain
90%
mais
88%
Mais
88%
ne
88%
du
83%
ça
80%
des
78%
mon
78%
c'est
76%
C'est
76%
est
76%
l'ai
76%
Quand
76%
quand
76%
que
76%
au
73%
jour
73%
sur
73%
télé
73%
t'en
73%
Dans
71%
dans
71%
mieux
71%
moi
71%
par
71%
peu
71%
radio
71%
On
68%
on
68%
tant
68%
vous
68%
Couplet Vous
68%
vrai
68%
deux
66%
Dieu
66%
Et
66%
rêver
66%
triste
66%
vraiment
66%
chansons
63%
coûte
63%
j'passe
63%
manger
63%
qu'un
63%
studio
63%
l'argent
61%
même
61%
réclamée
61%
risque
61%
demander
59%
fin
59%
fond
59%
l'amour
59%
paie
59%
un
59%
voix
59%
yeux
59%
d'être
56%
disais
56%
d'me
56%
l'avais
56%
l'espoir
56%
loyer
56%
merveilleux
56%
n'arrête
56%
existe
54%
mois
54%
pour
54%
aime
51%
compte
51%
Si
51%
Aveuglée
49%
Bientôt
49%
d'chances
49%
entendrez
49%
qui
49%
chanter
46%
être
46%
il
46%
J'ai
46%
jamais
46%
Mes
46%
mes
46%
J'adore
44%
beau
41%
tu
41%
entendu
37%
non
37%
n'voulais
37%
t'es
37%
trop
37%
ceux
34%
gagné
34%
n'avez
34%
devant
32%
encore
32%
nuits
32%
ou
32%
soirs
32%
sont
32%
tous
32%
boulots
29%
corps
29%
fous
29%
Couplet J'enchaîne
29%
métros
29%
n'ont
29%
vois
29%
autre
27%
Avec
27%
certains
27%
collé
27%
essayé
27%
fêtes
27%
j'avoue
27%
j'essaie
27%
jours
27%
vient
27%
blanches
24%
décors
24%
défaites
24%
s'éloigner
24%
succès
24%
t'oublier
24%
d'autres
22%
Ah
20%
Aucun quiz correspondant
Distribution des résultats
% des personnes avec chaque résultat
Percentile par nombre de réponses
Votre historique - résultats
Vous n’avez pas pris ce quiz